| 000 | 00354nam a2200145Ia 4500 | ||
|---|---|---|---|
| 008 | 230312s9999||||xx |||||||||||||| ||und|| | ||
| 020 | _a0135734789 | ||
| 082 |
_a621.3 _bFLO-D |
||
| 100 | _aFloyd, Thomas L. | ||
| 245 | 0 | _aDigital Fundamentals | |
| 260 |
_bPrentice Hall International Inc _a1997 |
||
| 546 | _aEng. | ||
| 650 | _aEngineering | ||
| 942 | _cBK | ||
| 999 |
_c6000 _d6000 |
||